000
00319nam a2200145Ia 4500
100
_a
Banerjee/Utpal K
942
_c
BK
654
_a
Management
245
_a
Computer Management Planning
260
_b
Tata McGraw Hill
_a
NEW DELHI
_c
1985
082
_a
621.3
_b
Ban
300
_a
330
546
_a
ENGLISH
999
_c
33552
_d
33552